|
|
|
|
| LEADER |
00000nab#a22000007a#4500 |
| 001 |
arbauad027022 |
| 003 |
AR-BaUAD |
| 005 |
20250711112224.0 |
| 008 |
970602|||||||||###||||||b###|0###a|spa|| |
| 040 |
|
|
|a AR-BaUAD
|c AR-BaUAD
|b spa
|
| 245 |
1 |
0 |
|a Egizia
|b i nuovi vetri '97
|
| 300 |
0 |
|
|b fot.
|
| 653 |
|
|
|a ITALIA
|
| 653 |
|
|
|a EGIZIA
|
| 653 |
|
|
|a KOZ, DEFNE
|
| 653 |
|
|
|a FORNI, BARBARA
|
| 653 |
|
|
|a SUSANI, MARCO
|
| 653 |
|
|
|a VIDAL, ELISABETTA
|
| 653 |
|
|
|a FLOREROS
|
| 653 |
|
|
|a ADORNOS
|
| 653 |
|
|
|a DISEÑO INDUSTRIAL
|
| 773 |
0 |
|
|t INTERNI
|g no. 469 [abr. 1997], p. 106
|
| 942 |
|
|
|c ARTI
|
| 952 |
|
|
|0 0
|1 0
|4 0
|7 0
|9 71941
|a AR-BAuAD
|b AR-BAuAD
|d 2025-07-11
|l 0
|p AAQA027022
|r 2025-07-11 11:22:24
|w 2025-07-11
|y ARTI
|
| 990 |
|
|
|a DI199
|b TD
|
| 998 |
|
|
|a AAQ
|b BIBUN76
|
| 999 |
|
|
|c 51614
|d 51614
|